000 00511nam a22002057a 4500
003 UA-OsUOA
001 47464
007 ta
008 20120615b un ||||| |||| 00| 0 ukr d
100 _aЛуговий Ю.
090 _a94(477).07
_bЛ83
942 _cAV
040 _aUA-OsUOA
_bukr
_cUA-OsUOA
_dUA-OsUOA
245 _aОкрадена земля (DVD)
955 _a4
041 _aukr
080 _a94(477).07
650 7 _a9 Географія. Біографії. Історія
_2UDC
999 _c427566
_d427566